000 00755nam a2200181Ia 4500
008 100920s9999 xx 000 0 und d
082 _b73683
_a24 थ 99
100 _aकोपर्डे प्रमोद मनोहर.
245 _aतुझ्या असण्या नसण्याच्या कविता.
260 _bशब्दालय प्रकाशन, श्रीरामपूर.
_c1999
300 _a81
_bसाधी
365 _b60
520 _aसायो.
630 _aतुझ्या असण्या नसण्याच्या कविता.
650 _aसायो.
730 _aतुझ्या असण्या नसण्याच्या कविता.
942 _cBOOK
999 _c715335
_d715332